000 01270cam a2200313 a 4500
001 12153287
003 OSt
005 20140310181730.0
008 000824r20012000nyu b 001 0 eng
010 _a 00063166
020 _a9780060084387
040 _aDLC
_cDLC
_dDLC
050 0 0 _aCB 427
_b.W337 2001
082 0 0 _aIB 909.82
_bW33 2002
100 1 _aWatson, Peter.
_d1943-
245 1 4 _aThe modern mind :
_ban intellectual history of the 20th century /
_cPeter Watson.
250 _a1st American ed.
260 _aNew York :
_bHarperCollins,
_cc2001.
300 _axiv, 847 p. ;
_c25 cm.
521 _b
650 0 _aCivilization, Modern
_y20th century.
650 0 _aIntellectual life
_xHistory
_y20th century.
650 0 _aPhilosophy, Modern
_y20th century.
856 4 2 _3Publisher description
_uhttp://www.loc.gov/catdir/description/hc043/00063166.html
906 _a7
_bcbc
_corignew
_d1
_eocip
_f20
_gy-gencatlg
942 _2lcc
_cBK
999 _c2359
_d2359